Southville International School and Colleges
Your cart is empty.
  • Cart
  • Lists
    Public lists Eva Luna New books Lux_list list_1
    Your lists Log in to create your own lists
  • Log in to your account
  • Your cookies
  • Search history
Southville International School and Colleges
  • Advanced search
  • Recent comments
  • Most popular
  • Libraries

Log in to your account

Log in with GOOGLE


If you do not have an external account, but do have a local account, you can still log in:

  1. Home
  2. MARC view: Memory of dances /
Normal view MARC view ISBD view

Memory of dances / (Record no. 293375)

[ view plain ]
MARC details
000 -LEADER
fixed length control field 00820nam a2200289Ia 4500
003 - CONTROL NUMBER IDENTIFIER
control field SMC
005 - DATE AND TIME OF LATEST TRANSACTION
control field 20170131153119.0
008 - FIXED-LENGTH DATA ELEMENTS--GENERAL INFORMATION
fixed length control field 160418s9999 xx 000 0 und d
020 ## - INTERNATIONAL STANDARD BOOK NUMBER
International Standard Book Number 971-8686-35-5
050 ## - LIBRARY OF CONGRESS CALL NUMBER
Classification number REF GN 671.P5
050 ## - LIBRARY OF CONGRESS CALL NUMBER
Item number .C67 2002
100 ## - MAIN ENTRY--PERSONAL NAME
Personal name Coronel, Sheila S.
245 ## - TITLE STATEMENT
Title Memory of dances /
245 ## - TITLE STATEMENT
Statement of responsibility, etc Sheila S. Coronel.
260 ## - PUBLICATION, DISTRIBUTION, ETC. (IMPRINT)
Place of publication, distribution, etc Manila :
260 ## - PUBLICATION, DISTRIBUTION, ETC. (IMPRINT)
Name of publisher, distributor, etc Philippine center for investigate journalism,
260 ## - PUBLICATION, DISTRIBUTION, ETC. (IMPRINT)
Date of publication, distribution, etc 2002
300 ## - PHYSICAL DESCRIPTION
Extent 139 pages :
300 ## - PHYSICAL DESCRIPTION
Other physical details illustrations ;
300 ## - PHYSICAL DESCRIPTION
Dimensions 23 cm.
500 ## - GENERAL NOTE
General note Includes bibliographical references.
650 ## - SUBJECT ADDED ENTRY--TOPICAL TERM
Topical term or geographic name as entry element Folk dancing -- Philippines -- Pictorial works.
650 ## - SUBJECT ADDED ENTRY--TOPICAL TERM
Topical term or geographic name as entry element Ilongots -- Social conditions.
650 ## - SUBJECT ADDED ENTRY--TOPICAL TERM
General subdivision Manobos -- Social conditions.
650 ## - SUBJECT ADDED ENTRY--TOPICAL TERM
General subdivision Tagabanuas -- Social conditions.
942 ## - ADDED ENTRY ELEMENTS (KOHA)
Source of classification or shelving scheme Library of Congress Classification
Koha item type Books
Holdings
Withdrawn status Lost status Source of classification or shelving scheme Damaged status Home library Current library Shelving location Date acquired Source of acquisition Cost, normal purchase price Total Checkouts Full call number Barcode Date last seen Price effective from Koha item type
    Library of Congress Classification   South Mansfield College South Mansfield College Reference Section 03/07/2005 Library Fund 600.00   REF GN 671.P5 .C67 2002 SMC00335 04/18/2016 04/18/2016 Books

Memory of dances /

APA

Coronel S. S., .Memory of dances. Manila: .

Chicago

Coronel Sheila S, .Memory of dances. Manila: .

Harvard

Coronel S. S., .Memory of dances. Manila: .

MLA

Coronel Sheila S, .Manila: . .

  • Place hold
  • Print
  • Cite
  • Add to your cart (remove)
  • Save record
    BIBTEX Dublin Core MARCXML MARC (non-Unicode/MARC-8) MARC (Unicode/UTF-8) MARC (Unicode/UTF-8, Standard) MODS (XML) RIS
  • More searches
    Search for this title in:
    Other Libraries (WorldCat) Other Databases (Google Scholar) Online Stores (Bookfinder.com) Open Library (openlibrary.org)

Exporting to Dublin Core...

SOUTHVILLE LIBRARY

Southville International School and Colleges Library

1281 Tropical Ave. Cor. Luxembourg St., BF Homes International, Las Pinas City

Tel. No. 8256374 / 252358 Loc. 117/146

Powered by Koha